Statistics for Tintin Quiz

Click here to take the quiz!

General Stats

  • This quiz has been taken 651 times
    (465 since last reset)
  • The average score is 12 of 30

Answer Stats

HintAnswer% Correct
Main character, reporterTintin
100%
SailorCaptain Haddock
88%
DogSnowy
76%
Professor...Calculus
60%
The 2 detectivesThompsons
59%
King Ottokar's...Sceptre
55%
Opera singerSignora Bianca Castafiore
51%
How many double stories are there4
49%
The country that the prisoners of the sun takes place inPeru
47%
Flight ... to Sydney714
44%
Chinese boy, friends with TintinChang
42%
How many tintin books are there by Herge24
41%
Marlinspike ButlerNestor
39%
The name of the first moon bookDestination Moon
34%
Who is the troublesome child of the EmirAbdullah
30%
San Theodoran leaderGeneral Alcazar
30%
The bird brothers old mansionMarlinspike Hall
30%
Main villain in cigars of the pharaoh and red sea sharksRastapopoulos
30%
First book to feature Captain HaddockThe Crab with the Golden Claws
30%
Spies of which nation kidnap the professor in the Calculus affairBorduria
29%
The standard amount of pages in a Tintin book62
28%
Who orders the coffins to be thrown overboard in cigars of the pharoahAllan
28%
Villain in the black island and the land of black goldMuller
27%
Opera singers maidIrma
25%
Opera singers accompanistIgor Wagner
23%
Haddock's old shipKaraboudjan
22%
The butcherCutts
20%
Person who organised a car rally at marlinspike with out Tintin knowingJolyon Wagg
15%
Tribe from San TheodorosThe Arumbayas
13%
What is the poison of madnessRajaijah juice
8%

Score Distribution

Percentile by Number Answered

Percent of People with Each Score

Your Score History

You have not taken this quiz since the last reset